Which players got the most Fantasy Premier League points each season? - Statistics

General Stats
  • This quiz has been taken 116 times
  • The average score is 32 of 40
Answer Stats
Points Club Player % Correct
272 MCI Erling Haaland
99%
239 LIV Mohamed Salah
99%
265 LIV Mohamed Salah
99%
231 LIV Mohamed Salah
99%
233 LIV Mohamed Salah
99%
263 TOT Harry Kane
97%
192 TOT Harry Kane
97%
242 TOT Harry Kane
97%
258 TOT Heung-Min Son
96%
228 TOT Heung-Min Son
96%
202 ARS Bukayo Saka
94%
187 LEI Jamie Vardy
93%
210 LEI Jamie Vardy
93%
183 MCI Kevin De Bruyne
93%
196 MCI Kevin De Bruyne
93%
251 MCI Kevin De Bruyne
93%
244 MUN Bruno Fernandes
91%
205 MUN Marcus Rashford
91%
174 MUN Marcus Rashford
91%
212 ARS Martin Ødegaard
90%
183 LIV Sadio Mane
88%
176 LIV Sadio Mane
88%
221 LIV Sadio Mane
88%
208 LIV Trent Alexander-Arnold
88%
210 LIV Trent Alexander-Arnold
88%
182 BRE Ivan Toney
85%
198 ARS Gabriel Martinelli
81%
194 LEE Patrick Bamford
81%
206 WHU Jarrod Bowen
80%
183 LIV Virgil Van Dijk
79%
186 LIV Andrew Robertson
71%
198 NEW Kieran Trippier
66%
204 MCI Raheem Sterling
65%
205 ARS Pierre-Emerick Aubameyang
61%
194 WOL Raul Jimenez
58%
200 MUN Anthony Martial
44%
198 SOU Danny Ings
42%
201 MCI Joao Cancelo
39%
171 LEE Stuart Dallas
27%
186 AVL Emiliano Martinez
22%
No matching quizzes found
Score Distribution
Percent of People with Each Score
Percentile by Number Answered
Your Score History
You have not taken this quiz